<?xml version="1.0" encoding="UTF-8"?>
<record
    xmlns:xsi="http://www.w3.org/2001/XMLSchema-instance"
    xsi:schemaLocation="http://www.loc.gov/MARC21/slim http://www.loc.gov/standards/marcxml/schema/MARC21slim.xsd"
    xmlns="http://www.loc.gov/MARC21/slim">

  <leader>01685    a2200229   4500</leader>
  <controlfield tag="001">54540</controlfield>
  <controlfield tag="005">20260407155818.0</controlfield>
  <controlfield tag="008">260407a1951    arg                 spa d</controlfield>
  <controlfield tag="003">AR-UNSa-BCEJYS</controlfield>
  <datafield tag="040" ind1=" " ind2=" ">
    <subfield code="a">AR-UNSa-BCEJYS</subfield>
    <subfield code="b">spa</subfield>
    <subfield code="c">AR-UNSa-BCEJYS</subfield>
  </datafield>
  <datafield tag="080" ind1=" " ind2=" ">
    <subfield code="a">330</subfield>
    <subfield code="x">Econom&#xED;a en general</subfield>
  </datafield>
  <datafield tag="245" ind1="1" ind2="0">
    <subfield code="a">Curso superior de econom&#xED;a</subfield>
  </datafield>
  <datafield tag="250" ind1=" " ind2=" ">
    <subfield code="a">4a. ed</subfield>
  </datafield>
  <datafield tag="264" ind1=" " ind2="1">
    <subfield code="a">M&#xE9;xico :</subfield>
    <subfield code="b">Fondo de Cultura Econ&#xF3;mica</subfield>
    <subfield code="c">1951</subfield>
  </datafield>
  <datafield tag="300" ind1=" " ind2=" ">
    <subfield code="a">476 p.</subfield>
    <subfield code="c">23 cm.</subfield>
  </datafield>
  <datafield tag="505" ind1=" " ind2=" ">
    <subfield code="a">Parte I: La demanda - I. El panorama econ&#xF3;mico - II. Los mercados - III. La demanda - IV. El precio cuando la demanda es estable - V. Variaciones de la demanda - VI. Demanda,oferta y precio - Parte II: La producci&#xF3;n - VII. El volumen de la producci&#xF3;n - VIII. La divisi&#xF3;n del trabajo - IX. Combinaci&#xF3;n de los factores - X. El capital - XI. La producci&#xF3;n en r&#xE9;gimen de dictadura - Parte III: El sistema de precios y el capitalismo - XII. El poder regulador de la demanda - XIII. Los problemas de la empresa - XIV. Movilidad de los factores de la producci&#xF3;n - XV. Monopolio - XVI. Teor&#xED;a de los costos - XVII. Salarios - XVIII. Inter&#xE9;s - XIX. Renta - XX. El Estado - XXI. El progreso econ&#xF3;mico - Parte IV: Moneda y banca - XXII. Naturaleza y funciones del dinero - XXIII. Los bancos - XXIV. Los mercados de dinero y los bancos centrales - XXV. El valor del dinero - Parte V: El comercio internacional - XXVI. El comercio internacional - XXVII. Balanza de pagos - XXVIII. Cambios libres - XXIX. El patr&#xF3;n oro - XXX. El control de cambios - XXXI. Aranceles y contingentes </subfield>
  </datafield>
  <datafield tag="041" ind1=" " ind2=" ">
    <subfield code="a">spa</subfield>
  </datafield>
  <datafield tag="942" ind1=" " ind2=" ">
    <subfield code="c">BK</subfield>
  </datafield>
  <datafield tag="590" ind1=" " ind2=" ">
    <subfield code="a">niveau_biblio:m niveau_hierar:0</subfield>
  </datafield>
  <datafield tag="100" ind1="1" ind2=" ">
    <subfield code="a">Benham, Frederic</subfield>
  </datafield>
  <datafield tag="700" ind1="1" ind2=" ">
    <subfield code="a">Urquidi, V&#xED;ctor L.</subfield>
  </datafield>
  <datafield tag="999" ind1=" " ind2=" ">
    <subfield code="c">5620</subfield>
    <subfield code="d">5620</subfield>
  </datafield>
  <datafield tag="952" ind1=" " ind2=" ">
    <subfield code="0">0</subfield>
    <subfield code="1">0</subfield>
    <subfield code="4">0</subfield>
    <subfield code="7">0</subfield>
    <subfield code="a">BCEJYS</subfield>
    <subfield code="b">BCEJYS</subfield>
    <subfield code="c">16</subfield>
    <subfield code="d">2026-04-07</subfield>
    <subfield code="l">0</subfield>
    <subfield code="o">330 B456 4ed.</subfield>
    <subfield code="p">L20221</subfield>
    <subfield code="r">2026-04-07 15:58:18</subfield>
    <subfield code="w">2026-04-07</subfield>
    <subfield code="y">L</subfield>
  </datafield>
  <datafield tag="952" ind1=" " ind2=" ">
    <subfield code="0">0</subfield>
    <subfield code="1">0</subfield>
    <subfield code="4">0</subfield>
    <subfield code="7">0</subfield>
    <subfield code="a">BCEJYS</subfield>
    <subfield code="b">BCEJYS</subfield>
    <subfield code="c">16</subfield>
    <subfield code="d">2026-04-07</subfield>
    <subfield code="l">0</subfield>
    <subfield code="o">330 B456 4ed.</subfield>
    <subfield code="p">L20222</subfield>
    <subfield code="r">2026-04-07 15:58:18</subfield>
    <subfield code="w">2026-04-07</subfield>
    <subfield code="y">L</subfield>
  </datafield>
</record>
